[Event "Kolomna-ch 67th"]
[Site "Kolomna"]
[Date "2017.01.14"]
[Round "9"]
[White "Gridnev, Aleksey"]
[Black "Bespalova, Tatyana"]
[Result "0-1"]
[WhiteElo "1305"]
[BlackElo "1671"]
[PlyCount "136"]
[EventDate "2016.12.24"]
[EventType "swiss"]
[EventRounds "10"]
[EventCountry "RUS"]
[SourceTitle "EXT 2019"]
[Source "ChessBase"]
[SourceDate "2018.10.10"]
[SourceVersion "1"]
[SourceVersionDate "2018.10.10"]
[SourceQuality "1"]

1. c4 Nf6 2. g3 d5 3. cxd5 Nxd5 4. Bg2 e6 5. Nc3 Bc5 6. e3 0-0 7. Nge2 Nc6 8. 0-0 a6 9. d4 Ba7 10. Nxd5 exd5 11. Nc3 Ne7 12. b4 Qd6 13. Qb3 c6 14. a4 Bg4 15. b5 Qd7 16. b6 Bb8 17. a5 Bh3 18. Ba3 Re8 19. Na4 Bxg2 20. Kxg2 Ng6 21. Nc5 Qg4 22. Qd1 Nh4+ 23. Kh1 Qh3 24. Rg1 Re7 25. Qf1 Qxf1 26. Rgxf1 Nf3 27. Nxa6 Re6 28. Nxb8 Rxb8 29. Bc5 Nd2 30. Rfd1 Nc4 31. Rdb1 Nd6 32. Ra2 Ne4 33. Rba1 Nc3 34. Rc2 Nb5 35. Rca2 h6 36. Bb4 g5 37. Re2 Nxd4 38. Rb2 Nb5 39. Kg2 Nd6 40. Bxd6 Rxd6 41. Rd1 Kf8 42. Rdd2 Ra8 43. Ra2 Ke7 44. Ra1 Ra6 45. Rc2 Ke6 46. Rc5 f5 47. f4 d4 48. exd4 Rxd4 49. fxg5 hxg5 50. Ra2 g4 51. Re2+ Kf6 52. Rf2 Rd5 53. Rxd5 cxd5 54. Ra2 d4 55. Kf2 Ke5 56. Ke2 Ke4 57. Ra4 Ra8 58. Kf2 Kd5 59. Ra2 Kc4 60. Ke2 Rh8 61. Kd1 d3 62. Rb2 Kc3 63. Ra2 Ra8 64. Ra3+ Kc4 65. Ra4+ Kb5 66. Ra3 Rxa5 67. Rxa5+ Kxa5 68. Kd2 Kxb6 0-1

[Event "Kolomna-ch 67th"]
[Site "Kolomna"]
[Date "2017.01.06"]
[Round "6"]
[White "Beskov, Vladimir Alekseevic"]
[Black "Gridnev, Aleksey"]
[Result "1-0"]
[WhiteElo "1903"]
[BlackElo "1305"]
[PlyCount "67"]
[EventDate "2016.12.24"]
[EventType "swiss"]
[EventRounds "10"]
[EventCountry "RUS"]
[SourceTitle "EXT 2019"]
[Source "ChessBase"]
[SourceDate "2018.10.10"]
[SourceVersion "1"]
[SourceVersionDate "2018.10.10"]
[SourceQuality "1"]

1. d4 d5 2. Nf3 Nf6 3. Bg5 e6 4. Nbd2 Be7 5. e3 0-0 6. Bd3 Nbd7 7. Qe2 b6 8. e4 dxe4 9. Nxe4 Bb7 10. Ng3 c5 11. 0-0-0 Qc7 12. Bc4 Rfe8 13. Ne5 Bxg2 14. Nxf7 Bd6 15. Nxd6 Qxd6 16. dxc5 Qxc5 17. Bxf6 Nxf6 18. Rhg1 Bd5 19. Bb3 Bxb3 20. axb3 Rac8 21. Rd2 Nd5 22. Ne4 Qc6 23. Kb1 b5 24. c3 Qb6 25. Qg4 g6 26. h4 Kf7 27. h5 Rg8 28. Rg3 a5 29. Rf3+ Ke7 30. Qg5+ Kd7 31. Nf6+ Kc7 32. Nxd5+ exd5 33. Rxd5 gxh5 34. Qe5+ 1-0